Normal view
MARC view
- Mo Jamshidi, Leandro Dos Santos Coelho
Entry Personal Name
001 - CONTROL NUMBER
- control field: 125333
003 - CONTROL NUMBER IDENTIFIER
- control field: NUST
005 - DATE AND TIME OF LATEST TRANSACTION
- control field: 20240825122034.0
008 - FIXED-LENGTH DATA ELEMENTS
- fixed length control field: 240825|| aca||aabn | a|a d
040 ## - CATALOGING SOURCE
- Original cataloging agency: NUST
- Transcribing agency: NUST
100 ## - HEADING--PERSONAL NAME
- Personal name: Mo Jamshidi, Leandro Dos Santos Coelho
670 ## - SOURCE DATA FOUND
- Source citation: Work cat.: (NUST): Mo Jamshidi, Leandro Dos Santos Coelho, Robust Control Systems with Genetic Algorithms, 2002.
